Proceedings low temperature microbiology symposium, Camden New Jersey 1961

-д хадгалсан:
Номзүйн дэлгэрэнгүй
Формат: Ном
Хэл сонгох:англи
Хэвлэсэн: Camden Campbell Soup 1962
Нөхцлүүд:
Шошгууд: Шошго нэмэх
Шошго байхгүй, Энэхүү баримтыг шошголох эхний хүн болох!

MARC

LEADER 00000nam a2200000 a 4500
001 UCX9839
003 CL-VaPUC
005 20230601074028.0
008 940628e19620000us 1 eng d
082 0 4 |a 576.163  |b PRO  |2 21 
245 1 0 |a Proceedings low temperature microbiology symposium, Camden New Jersey 1961 
260 |a Camden  |b Campbell Soup  |c 1962 
300 |a 322 p 
583 |a last modification  |c 20160923 01:11:36  |k Rodrigo Vera 
650 0 0 |a Microbiología alimentaria  |9 259564 
650 0 0 |a Industria alimentaria  |9 331702 
650 0 0 |a Alimentos congelados  |9 259336 
942 |c BK 
945 |a mfernand  |d 19940628 00:00:00 
546 |a En Inglés 
518 |p Low Temperature Microbiology Symposium, Camden, United States, 1961 
999 |c 382232  |d 382230 
952 |0 0  |1 0  |4 0  |6 576_163000000000000_PRO_1962  |7 0  |8 A  |9 503807  |a BIBALI  |b BIBALI  |c GEN  |d 2020-01-23  |i 2990202  |o 576.163 PRO 1962  |p 2990202  |r 2025-01-20  |w 2020-01-23  |y BK  |k ALI